| 000 -LEADER |
| fixed length control field |
00431cam a2200157u 4500 |
| 020 ## - INTERNATIONAL STANDARD BOOK NUMBER |
| ISBN |
2743004142 |
| 022 ## - INTERNATIONAL STANDARD SERIAL NUMBER |
| ISSN |
09822518 |
| 040 ## - CATALOGING SOURCE |
| Transcribing agency |
CarP |
| 082 ## - DEWEY DECIMAL CLASSIFICATION NUMBER |
| Classification number |
TEC LAC 2001 C282 Or. |
| 100 1# - MAIN ENTRY--AUTHOR NAME |
| Personal name |
Tricart, Jean. [from old catalog] |
| 245 13 - TITLE STATEMENT |
| Title |
La culture fruitière dans la région parisienne. |
| 260 ## - PUBLICATION, DISTRIBUTION, ETC. (IMPRINT) |
| Place of publication |
[Paris, |
| Year of publication |
2001. |
| 300 ## - PHYSICAL DESCRIPTION |
| Number of Pages |
150 p. |
| Other physical details |
illus., plates, maps (part fold.) |
| Dimensions |
27 cm. |
| 650 #0 - SUBJECT ADDED ENTRY--TOPICAL TERM |
| Topical Term |
Fruit-culture |
| 942 ## - ADDED ENTRY ELEMENTS (KOHA) |
| Koha item type |
ADB |
| 952 ## - LOCATION AND ITEM INFORMATION (KOHA) |
| Withdrawn status [LOCAL, KOHA] |
0 |
| 952 ## - LOCATION AND ITEM INFORMATION (KOHA) |
| Withdrawn status [LOCAL, KOHA] |
0 |